F. Scott Fitzgerald : a collection of critical essays

Spremljeno u:
Bibliografski detalji
Glavni autor: Mizener, Arthur
Format: Knjiga
Jezik:Undetermined
Izdano: New Jersey, Estados Unidos Prentice - Hall 1963
Teme:
Oznake: Dodaj oznaku
Bez oznaka, Budi prvi tko označuje ovaj zapis!

MARC

LEADER 00000nam a2200000Ia 4500
008 170316s9999 xx 000 0 und d
040 |a cru BVZT 
090 |a 810 M-50s 
100 |a Mizener, Arthur 
245 |a F. Scott Fitzgerald : a collection of critical essays 
260 |a New Jersey, Estados Unidos 
260 |b Prentice - Hall 
260 |c 1963 
300 |a 174 páginas 
650 |a LITERATURA ESTADOUNIDENSE 
999 |c 5956  |d 5956 
942 |c 15 D  |h 810 M-50s  |2 z